Catálogo
 En Linea

Administración moderna de hoteles y moteles / (Registro nro. 39601)

Detalles MARC
000 -CABECERA
campo de control de longitud fija 01274nam a2200205 a 4500
001 - NÚMERO DE CONTROL
campo de control 000040111
005 - FECHA Y HORA DE LA ÚLTIMA TRANSACCIÓN
campo de control 20201002033926.0
008 - DATOS DE LONGITUD FIJA--INFORMACIÓN GENERAL
campo de control de longitud fija 130807s1990 mx ad 000 0 spa d
040 ## - FUENTE DE LA CATALOGACIÓN
Centro catalogador/agencia de origen DO-SdBNP
Lengua de catalogación spa
Centro/agencia transcriptor BNPHU
082 ## - NÚMERO DE LA CLASIFICACIÓN DECIMAL DEWEY
Número de clasificación xxx
Número de documento/Ítem L364a
100 1# - ENTRADA PRINCIPAL--NOMBRE DE PERSONA
Nombre de persona Lattin, Gerald W.
9 (RLIN) 66376
240 10 - TÍTULO UNIFORME
Título uniforme Modern hotel and motel management
Lenguaje de la obra Español
245 10 - MENCIÓN DE TÍTULO
Título Administración moderna de hoteles y moteles /
Mención de responsabilidad, etc. Gerald W. Lattin ; traducción Agustín Contín ; revisión técnica Oscar Rene Cruz.
260 ## - PUBLICACIÓN, DISTRIBUCIÓN, ETC.
Lugar de publicación, distribución, etc. México :
Nombre del editor, distribuidor, etc. National Print,
Fecha de publicación, distribución, etc. 1990.
300 ## - DESCRIPCIÓN FÍSICA
Extensión 274 p. :
Otras características físicas il., diagrs. ;
Dimensiones 25 cm.
505 0# - NOTA DE CONTENIDO CON FORMATO
Nota de contenido con formato Parte 1.
Título Introducción a la industria hotelera.
Información miscelánea Capitulo 1
Título Desarrollo de la industria hotelera --
Información miscelánea Capitulo 2
Título La industria en perspectiva --
Información miscelánea Parte 2. Organización de las operaciones hoteleras
-- Capitulo 3
Título Recepción y matenimiento --
Información miscelánea Capitulo 4
Título Departamento de abastecimiento --
Información miscelánea Capitulo 5
Título Personal y contabilidad --
Información miscelánea Capitulo 6
Título Departamento de ventas --
Información miscelánea Parte 3. El furturo: oportunidades y tendencias
-- Capitulo 7
Título Oportunidades de carreras en la industria hotelera --
Información miscelánea Capitulo 8
Título Visión del futuro.
-- Apéndice --
-- Índice alfabético.
590 ## - NOTA LOCAL (RLIN)
Nota local Inventariado, 2019 /LP
700 1# - PUNTO DE ACCESO ADICIONAL--NOMBRE DE PERSONA
Nombre de persona Contín, Agustín,
Término indicativo de función/relación traducción
9 (RLIN) 45783
700 1# - PUNTO DE ACCESO ADICIONAL--NOMBRE DE PERSONA
Nombre de persona Rene Cruz, Oscar
9 (RLIN) 66377
Existencias
Estado de retiro Estado de pérdida Restricciones de uso No para préstamo Código de colección Localización permanente Ubicación/localización actual Ubicación en estantería Fecha de adquisición Número de inventario Total de préstamos Signatura topográfica completa Código de barras Fecha visto por última vez Precio válido a partir de Tipo de ítem Koha
      Excluido de préstamo Monografías: Libros y Folletos General General Depósito 07.08.2013 LF1   xxx L364a 40111-10 25.06.2020 25.06.2020 No se presta

Con tecnología Koha